[Event "Campeonato España Sub 18"]
[Site "Salobreña"]
[Date "2017.08.04"]
[Round "7"]
[White "Lacruz Algarate, Alvaro"]
[Black "Porlan Minarro, Antonio"]
[Result "1/2-1/2"]
[Board "12"]
[WhiteClock "1:30"]
[WhiteElo "2186"]
[WhiteCountry "ESP"]
[WhiteFideId "32025335"]
[WhiteEloChange "-4"]
[BlackClock "1:30"]
[BlackElo "2038"]
[BlackCountry "ESP"]
[BlackFideId "22294821"]
[BlackEloChange "4"]

1. e4 {[%clk 1:30:00]} c5 {[%clk 1:29:00]} 2. Nf3 {[%clk 1:31:00]} Nf6 {[%clk
1:30:00]} 3. e5 {[%clk 1:26:00]} Nd5 {[%clk 1:30:00]} 4. d4 {[%clk 1:14:00]} cxd4
{[%clk 1:30:00]} 5. Qxd4 {[%clk 1:14:00]} e6 {[%clk 1:31:00]} 6. Bd3 {[%clk
1:00:00]} Nc6 {[%clk 1:28:00]} 7. Qe4 {[%clk 1:00:00]} d6 {[%clk 1:26:00]} 8. O-O
{[%clk 0:52:00]} dxe5 {[%clk 0:55:00]} 9. Nxe5 {[%clk 0:52:00]} Bd6 {[%clk
0:52:00]} 10. Nxc6 {[%clk 0:38:00]} bxc6 {[%clk 0:52:00]} 11. Nd2 {[%clk
0:35:00]} Qc7 {[%clk 0:44:00]} 12. h3 {[%clk 0:34:00]} Nf4 {[%clk 0:39:00]} 13.
Nc4 {[%clk 0:34:00]} Nxd3 {[%clk 0:39:00]} 14. Qxd3 {[%clk 0:32:00]} Be7 {[%clk
0:38:00]} 15. Rd1 {[%clk 0:27:00]} O-O {[%clk 0:32:00]} 16. Qe4 {[%clk 0:23:00]}
Ba6 {[%clk 0:26:00]} 17. Bf4 {[%clk 0:21:00]} Qb7 {[%clk 0:25:00]} 18. b3 {[%clk
0:20:00]} Bxc4 {[%clk 0:23:00]} 19. Qxc4 {[%clk 0:21:00]} Bf6 {[%clk 0:21:00]}
20. Rab1 {[%clk 0:21:00]} Rfd8 {[%clk 0:20:00]} 21. Bd6 {[%clk 0:18:11]} Qb5
{[%clk 0:17:51]} 22. Qxb5 {[%clk 0:16:59]} cxb5 {[%clk 0:18:14]} 23. c4 {[%clk
0:17:22]} bxc4 {[%clk 0:12:07]} 24. bxc4 {[%clk 0:17:43]} Rac8 {[%clk 0:11:47]}
25. c5 {[%clk 0:17:59]} Bc3 {[%clk 0:10:24]} 26. Rd3 {[%clk 0:13:45]} Be5 {[%clk
0:06:40]} 27. Rbd1 {[%clk 0:11:39]} Bxd6 {[%clk 0:05:52]} 28. Rxd6 {[%clk
0:11:58]} Rxd6 {[%clk 0:06:11]} 29. Rxd6 {[%clk 0:12:17]} g5 {[%clk 0:04:09]} 30.
Ra6 {[%clk 0:11:12]} Rxc5 {[%clk 0:04:05]} 31. Rxa7 {[%clk 0:11:36]} Rc1+ {[%clk
0:04:27]} 32. Kh2 {[%clk 0:12:03]} Kg7 {[%clk 0:03:46]} 33. Kg3 {[%clk 0:11:38]}
Kg6 {[%clk 0:02:40]} 34. f3 {[%clk 0:10:23]} h5 {[%clk 0:02:35]} 35. Ra4 {[%clk
0:09:23]} h4+ {[%clk 0:02:18]} 36. Kh2 {[%clk 0:09:04]} Rc2 {[%clk 0:02:05]} 37.
Ra6 {[%clk 0:08:25]} Kf5 {[%clk 0:01:49]} 38. a4 {[%clk 0:08:24]} Ra2 {[%clk
0:01:52]} 39. Ra8 {[%clk 0:06:59]} Kf4 {[%clk 0:01:25]} 40. Ra6 {[%clk 0:05:20]}
Ke3 {[%clk 0:01:14]} 41. Ra5 {[%clk 0:01:21]} f6 {[%clk 0:01:08]} 42. Ra6 {[%clk
0:01:17]} Kf2 {[%clk 0:01:09]} 43. Rxe6 {[%clk 0:01:41]} Kf1 {[%clk 0:01:32]} 44.
Rxf6 {[%clk 0:01:31]} Rxg2+ {[%clk 0:01:00]} 45. Kh1 {[%clk 0:01:31]} Rg1+ {[%clk
0:01:33]} 46. Kh2 {[%clk 0:02:19]} Rg2+ {[%clk 0:02:02]} 47. Kh1 {[%clk 0:02:41]}
Rg3 {[%clk 0:00:47]} 48. Kh2 {[%clk 0:03:04]} Rg2+ {[%clk 0:00:47]} 1/2-1/2

[Event "Campeonato España Sub 18"]
[Site "Salobreña"]
[Date "2017.08.04"]
[Round "7"]
[White "Garcia Martin, Marta"]
[Black "Chueca Lorente, Javier"]
[Result "0-1"]
[Board "13"]
[WhiteClock "1:30"]
[WhiteTitle "FM"]
[WhiteElo "2435"]
[WhiteCountry "ESP"]
[WhiteFideId "32084030"]
[WhiteEloChange "-9"]
[BlackClock "1:30"]
[BlackElo "2112"]
[BlackCountry "ESP"]
[BlackFideId "22216405"]
[BlackEloChange "17"]

1. e4 {[%clk 1:30:00]} e6 {[%clk 1:28:00]} 2. Qe2 {[%clk 1:28:00]} c5 {[%clk
1:27:00]} 3. g3 {[%clk 1:27:00]} g6 {[%clk 1:26:00]} 4. Bg2 {[%clk 1:27:00]} Bg7
{[%clk 1:27:00]} 5. Nf3 {[%clk 1:26:00]} Nc6 {[%clk 1:27:00]} 6. O-O {[%clk
1:23:00]} d6 {[%clk 1:27:00]} 7. c3 {[%clk 1:14:00]} Nge7 {[%clk 1:27:00]} 8. Rd1
{[%clk 1:15:00]} e5 {[%clk 1:23:00]} 9. Na3 {[%clk 1:04:00]} O-O {[%clk 1:22:00]}
10. Nc2 {[%clk 0:56:00]} f5 {[%clk 1:22:00]} 11. exf5 {[%clk 0:48:00]} Nxf5
{[%clk 1:20:00]} 12. Ne3 {[%clk 0:37:00]} d5 {[%clk 1:18:00]} 13. d3 {[%clk
0:36:00]} b6 {[%clk 0:58:00]} 14. Nxd5 {[%clk 0:30:00]} Qxd5 {[%clk 0:56:00]} 15.
Nd4 {[%clk 0:28:00]} Qd6 {[%clk 0:49:00]} 16. Nxc6 {[%clk 0:20:00]} Bb7 {[%clk
0:49:00]} 17. Qe4 {[%clk 0:14:49]} Rf7 {[%clk 0:44:00]} 18. Qd5 {[%clk 0:06:47]}
Qc7 {[%clk 0:43:00]} 19. Qe6 {[%clk 0:05:13]} Kf8 {[%clk 0:39:00]} 20. Bd5 {[%clk
0:04:09]} Nd6 {[%clk 0:36:00]} 21. Qh3 {[%clk 0:00:41]} Bxc6 {[%clk 0:30:00]} 22.
Bxf7 {[%clk 0:01:01]} Qxf7 {[%clk 0:30:00]} 23. f3 {[%clk 0:01:31]} Kg8 {[%clk
0:30:00]} 24. Rf1 {[%clk 0:01:47]} Bxf3 {[%clk 0:29:00]} 25. g4 {[%clk 0:00:32]}
Rf8 {[%clk 0:29:00]} 26. Bh6 {[%clk 0:00:43]} Bxh6 {[%clk 0:28:00]} 27. Qxh6
{[%clk 0:01:06]} Qd5 {[%clk 0:28:00]} 28. Rae1 {[%clk 0:00:35]} Rf4 {[%clk
0:27:00]} 29. h3 {[%clk 0:00:35]} Bh1 {[%clk 0:27:00]} 30. Rf2 {[%clk 0:00:35]}
Rxf2 {[%clk 0:27:00]} 0-1

[Event "Campeonato España Sub 18"]
[Site "Salobreña"]
[Date "2017.08.04"]
[Round "7"]
[White "Domingo Nunez, Ruben"]
[Black "Calvo Simon, Jorge"]
[Result "1-0"]
[Board "14"]
[WhiteClock "1:30"]
[WhiteTitle "FM"]
[WhiteElo "2283"]
[WhiteCountry "ESP"]
[WhiteFideId "22245570"]
[WhiteEloChange "6"]
[BlackClock "1:30"]
[BlackElo "2128"]
[BlackCountry "ESP"]
[BlackFideId "22216340"]
[BlackEloChange "-6"]

1. e4 {[%clk 1:30:00]} c5 {[%clk 1:30:00]} 2. b3 {[%clk 1:31:00]} d6 {[%clk
1:22:00]} 3. Bb2 {[%clk 1:31:00]} e5 {[%clk 1:18:00]} 4. Bb5+ {[%clk 1:31:00]}
Bd7 {[%clk 1:18:00]} 5. Bxd7+ {[%clk 1:31:00]} Qxd7 {[%clk 1:18:00]} 6. d3 {[%clk
1:32:00]} Nc6 {[%clk 1:18:00]} 7. Ne2 {[%clk 1:29:00]} Nf6 {[%clk 1:16:00]} 8.
Nd2 {[%clk 1:25:00]} Be7 {[%clk 1:16:00]} 9. O-O {[%clk 1:25:00]} O-O {[%clk
1:10:00]} 10. Ng3 {[%clk 1:11:00]} g6 {[%clk 1:05:00]} 11. f4 {[%clk 1:09:00]}
Qg4 {[%clk 0:57:00]} 12. Ne2 {[%clk 1:04:00]} Qh5 {[%clk 0:54:00]} 13. Nf3 {[%clk
0:53:00]} exf4 {[%clk 0:48:00]} 14. Nxf4 {[%clk 0:50:00]} Qh6 {[%clk 0:47:00]}
15. g3 {[%clk 0:50:00]} Ng4 {[%clk 0:45:00]} 16. Nd5 {[%clk 0:40:00]} f5 {[%clk
0:35:00]} 17. exf5 {[%clk 0:32:00]} Bg5 {[%clk 0:28:00]} 18. f6 {[%clk 0:21:00]}
Bxf6 {[%clk 0:17:12]} 19. Nxf6+ {[%clk 0:21:00]} Nxf6 {[%clk 0:17:31]} 20. Qd2
{[%clk 0:17:08]} Qxd2 {[%clk 0:17:10]} 21. Nxd2 {[%clk 0:17:37]} Ng4 {[%clk
0:16:08]} 22. Ne4 {[%clk 0:17:09]} d5 {[%clk 0:12:39]} 23. Nxc5 {[%clk 0:17:23]}
b6 {[%clk 0:11:48]} 24. Ne6 {[%clk 0:14:28]} Rxf1+ {[%clk 0:09:58]} 25. Rxf1
{[%clk 0:14:10]} Ne3 {[%clk 0:09:38]} 26. Rf6 {[%clk 0:14:10]} Nb4 {[%clk
0:09:39]} 27. Ng5 {[%clk 0:08:35]} Nexc2 {[%clk 0:09:00]} 28. Rf7 {[%clk
0:08:58]} d4 {[%clk 0:09:03]} 29. Rc7 {[%clk 0:07:16]} h6 {[%clk 0:06:24]} 30.
Ne4 {[%clk 0:06:57]} Rf8 {[%clk 0:04:30]} 31. h4 {[%clk 0:04:50]} Ne1 {[%clk
0:04:33]} 32. Bc1 {[%clk 0:03:38]} Rf7 {[%clk 0:02:24]} 33. Rc4 {[%clk 0:03:45]}
Nbxd3 {[%clk 0:01:36]} 34. Bxh6 {[%clk 0:04:04]} Re7 {[%clk 0:01:37]} 35. Ng5
{[%clk 0:04:18]} Re8 {[%clk 0:01:16]} 36. Rxd4 {[%clk 0:04:01]} Ne5 {[%clk
0:01:09]} 37. Rd6 {[%clk 0:03:31]} N1f3+ {[%clk 0:01:27]} 38. Nxf3 {[%clk
0:02:14]} Nxf3+ {[%clk 0:03:19]} 39. Kg2 {[%clk 0:03:08]} Ne5 {[%clk 0:03:19]}
40. Bf4 {[%clk 0:03:08]} Nf7 {[%clk 0:03:18]} 41. Rxg6+ {[%clk 0:03:08]} Kh7
{[%clk 0:03:18]} 42. Rf6 {[%clk 0:03:08]} Kg7 {[%clk 0:03:18]} 43. Rc6 {[%clk
0:03:08]} Re2+ {[%clk 0:03:18]} 44. Kf3 {[%clk 0:03:08]} Rxa2 {[%clk 0:03:18]}
45. h5 {[%clk 0:03:08]} Rb2 {[%clk 0:03:18]} 46. h6+ {[%clk 0:03:08]} Kh7 {[%clk
0:03:18]} 47. Rc7 {[%clk 0:03:08]} Rxb3+ {[%clk 0:03:18]} 48. Kg4 {[%clk
0:03:08]} Kg6 {[%clk 0:01:39]} 49. h7 {[%clk 0:02:09]} Nh8 {[%clk 0:00:34]} 50.
Be5 {[%clk 0:02:38]} Rb4+ {[%clk 0:01:00]} 51. Kh3 {[%clk 0:02:42]} Rb5 {[%clk
0:00:34]} 52. Bxh8 {[%clk 0:03:04]} Rh5+ {[%clk 0:00:23]} 53. Kg4 {[%clk
0:03:33]} Rxh7 {[%clk 0:00:44]} 54. Rxh7 {[%clk 0:04:02]} Kxh7 {[%clk 0:01:40]}
55. Bd4 {[%clk 0:04:02]} 1-0

[Event "Campeonato España Sub 18"]
[Site "Salobreña"]
[Date "2017.08.04"]
[Round "7"]
[White "Chao Vale, Fernando"]
[Black "Nieves Cabanes, Jose Manuel"]
[Result "0-1"]
[Board "15"]
[WhiteClock "1:30"]
[WhiteElo "2139"]
[WhiteCountry "ESP"]
[WhiteFideId "22241663"]
[WhiteEloChange "-6"]
[BlackClock "1:30"]
[BlackTitle "FM"]
[BlackElo "2277"]
[BlackCountry "ESP"]
[BlackFideId "22245715"]
[BlackEloChange "6"]

1. e4 {[%clk 1:30:00]} e5 {[%clk 1:30:00]} 2. Nf3 {[%clk 1:31:00]} Nc6 {[%clk
1:30:00]} 3. Nc3 {[%clk 1:31:00]} Nf6 {[%clk 1:27:00]} 4. d4 {[%clk 1:32:00]}
exd4 {[%clk 1:26:00]} 5. Nxd4 {[%clk 1:32:00]} Bc5 {[%clk 1:24:00]} 6. Nxc6
{[%clk 1:32:00]} bxc6 {[%clk 1:24:00]} 7. Bd3 {[%clk 1:33:00]} d6 {[%clk
1:20:00]} 8. h3 {[%clk 1:26:00]} Nd7 {[%clk 1:16:00]} 9. O-O {[%clk 1:23:00]} O-O
{[%clk 1:15:00]} 10. Qf3 {[%clk 1:17:00]} Ne5 {[%clk 1:12:00]} 11. Qg3 {[%clk
1:16:00]} Qf6 {[%clk 1:09:00]} 12. Ne2 {[%clk 1:11:00]} Qg6 {[%clk 0:59:00]} 13.
Qxg6 {[%clk 1:03:00]} fxg6 {[%clk 0:59:00]} 14. Be3 {[%clk 1:00:00]} Bxe3 {[%clk
0:58:00]} 15. fxe3 {[%clk 1:01:00]} Re8 {[%clk 0:56:00]} 16. Nc3 {[%clk 0:53:00]}
Be6 {[%clk 0:54:00]} 17. Rf2 {[%clk 0:48:00]} Rab8 {[%clk 0:53:00]} 18. b3 {[%clk
0:48:00]} g5 {[%clk 0:51:00]} 19. Be2 {[%clk 0:44:00]} Bf7 {[%clk 0:50:00]} 20.
g3 {[%clk 0:39:00]} Bg6 {[%clk 0:48:00]} 21. Raf1 {[%clk 0:35:00]} Re7 {[%clk
0:43:00]} 22. Bd3 {[%clk 0:28:00]} h6 {[%clk 0:42:00]} 23. Ne2 {[%clk 0:25:00]}
c5 {[%clk 0:38:00]} 24. g4 {[%clk 0:23:00]} d5 {[%clk 0:31:00]} 25. Ng3 {[%clk
0:16:51]} c4 {[%clk 0:30:00]} 26. Be2 {[%clk 0:15:21]} cxb3 {[%clk 0:26:00]} 27.
axb3 {[%clk 0:15:29]} dxe4 {[%clk 0:23:00]} 28. Ra1 {[%clk 0:13:42]} c5 {[%clk
0:22:00]} 29. Ra4 {[%clk 0:13:47]} Rb4 {[%clk 0:22:00]} 30. Ra6 {[%clk 0:11:34]}
Rb6 {[%clk 0:20:00]} 31. Ra4 {[%clk 0:11:19]} Rf6 {[%clk 0:17:35]} 32. Rxf6
{[%clk 0:09:08]} gxf6 {[%clk 0:17:59]} 33. Nxe4 {[%clk 0:08:10]} Nxg4 {[%clk
0:17:20]} 34. hxg4 {[%clk 0:07:47]} Bxe4 {[%clk 0:17:30]} 35. Rc4 {[%clk
0:07:10]} Re5 {[%clk 0:17:12]} 36. Kf2 {[%clk 0:07:23]} Kf7 {[%clk 0:15:41]} 37.
Ra4 {[%clk 0:04:49]} Bxc2 {[%clk 0:14:25]} 38. Rxa7+ {[%clk 0:05:10]} Kg6 {[%clk
0:14:18]} 39. Rc7 {[%clk 0:05:01]} Be4 {[%clk 0:13:47]} 40. Bc4 {[%clk 0:04:29]}
f5 {[%clk 0:13:45]} 41. Bf7+ {[%clk 0:03:40]} Kf6 {[%clk 0:13:39]} 42. Bh5 {[%clk
0:03:48]} fxg4 {[%clk 0:13:26]} 43. Bxg4 {[%clk 0:03:55]} Kg6 {[%clk 0:12:38]}
44. Rd7 {[%clk 0:03:14]} Rd5 {[%clk 0:11:45]} 45. Re7 {[%clk 0:01:17]} Bc2 {[%clk
0:08:49]} 46. Re6+ {[%clk 0:01:07]} Kg7 {[%clk 0:09:11]} 47. Rb6 {[%clk 0:01:02]}
Bf5 {[%clk 0:07:42]} 48. Rb7+ {[%clk 0:00:36]} Kf6 {[%clk 0:06:59]} 49. Rb6+
{[%clk 0:00:39]} Kg7 {[%clk 0:05:43]} 50. Rb7+ {[%clk 0:01:09]} Kf8 {[%clk
0:05:57]} 51. Rb8+ {[%clk 0:00:35]} Ke7 {[%clk 0:05:59]} 52. Rb7+ {[%clk
0:01:04]} Rd7 {[%clk 0:05:57]} 53. Rxd7+ {[%clk 0:00:45]} Bxd7 {[%clk 0:06:22]}
54. Bd1 {[%clk 0:00:49]} Kf6 {[%clk 0:06:31]} 55. Bc2 {[%clk 0:00:32]} g4 {[%clk
0:06:04]} 56. Kg3 {[%clk 0:00:55]} Kg5 {[%clk 0:06:30]} 57. Bd1 {[%clk 0:00:32]}
h5 {[%clk 0:06:51]} 58. Be2 {[%clk 0:00:35]} Be6 {[%clk 0:07:04]} 59. Bd1 {[%clk
0:01:04]} Bd5 {[%clk 0:07:03]} 60. Bc2 {[%clk 0:01:36]} Bf3 {[%clk 0:05:48]} 61.
Kh2 {[%clk 0:01:10]} h4 {[%clk 0:05:30]} 62. Bd3 {[%clk 0:01:10]} g3+ {[%clk
0:06:00]} 63. Kh3 {[%clk 0:01:29]} Bg4+ {[%clk 0:05:28]} 64. Kg2 {[%clk 0:01:58]}
Kf6 {[%clk 0:05:38]} 65. Bc2 {[%clk 0:00:54]} Ke5 {[%clk 0:06:02]} 66. Bd3 {[%clk
0:00:31]} Bd1 {[%clk 0:06:03]} 67. Bc4 {[%clk 0:00:55]} Ke4 {[%clk 0:06:15]} 68.
Kh3 {[%clk 0:01:06]} Bg4+ {[%clk 0:05:49]} 69. Kg2 {[%clk 0:01:04]} Kxe3 {[%clk
0:05:49]} 70. Bd5 {[%clk 0:01:04]} Kf4 {[%clk 0:05:49]} 71. Bc4 {[%clk 0:01:04]}
h3+ {[%clk 0:05:49]} 0-1

[Event "Campeonato España Sub 18"]
[Site "Salobreña"]
[Date "2017.08.04"]
[Round "7"]
[White "Ortega Lopez, Mikel"]
[Black "Presa Villa, Andres"]
[Result "1/2-1/2"]
[Board "16"]
[WhiteClock "1:30"]
[WhiteTitle "FM"]
[WhiteElo "2259"]
[WhiteCountry "ESP"]
[WhiteFideId "22252878"]
[WhiteEloChange "-5"]
[BlackClock "1:30"]
[BlackElo "2058"]
[BlackCountry "ESP"]
[BlackFideId "32008651"]
[BlackEloChange "5"]

1. e4 {[%clk 1:30:00]} c6 {[%clk 1:30:00]} 2. Nc3 {[%clk 1:31:00]} d5 {[%clk
1:31:00]} 3. Nf3 {[%clk 1:31:00]} Bg4 {[%clk 1:31:00]} 4. h3 {[%clk 1:31:00]}
Bxf3 {[%clk 1:31:00]} 5. Qxf3 {[%clk 1:32:00]} e6 {[%clk 1:31:00]} 6. d4 {[%clk
1:29:00]} dxe4 {[%clk 1:31:00]} 7. Qxe4 {[%clk 1:28:00]} Nf6 {[%clk 1:30:00]} 8.
Qd3 {[%clk 1:28:00]} Nbd7 {[%clk 1:23:00]} 9. Be2 {[%clk 1:23:00]} Be7 {[%clk
1:18:00]} 10. O-O {[%clk 1:20:00]} O-O {[%clk 1:18:00]} 11. Bf3 {[%clk 1:17:00]}
Qc7 {[%clk 1:01:00]} 12. Re1 {[%clk 1:07:00]} Rad8 {[%clk 0:56:00]} 13. Bg5
{[%clk 1:02:00]} Rfe8 {[%clk 0:52:00]} 14. Rad1 {[%clk 0:58:00]} Nf8 {[%clk
0:49:00]} 15. Ne2 {[%clk 0:51:00]} Ng6 {[%clk 0:43:00]} 16. Qb3 {[%clk 0:45:00]}
h6 {[%clk 0:30:00]} 17. Bc1 {[%clk 0:42:00]} Nh4 {[%clk 0:29:00]} 18. Nf4 {[%clk
0:41:00]} Bd6 {[%clk 0:24:00]} 19. Nh5 {[%clk 0:37:00]} Nxf3+ {[%clk 0:23:00]}
20. Qxf3 {[%clk 0:38:00]} Nxh5 {[%clk 0:23:00]} 21. Qxh5 {[%clk 0:38:00]} Bf4
{[%clk 0:21:00]} 22. Be3 {[%clk 0:36:00]} Bxe3 {[%clk 0:19:32]} 23. Rxe3 {[%clk
0:34:00]} Rd5 {[%clk 0:18:34]} 24. Qe2 {[%clk 0:33:00]} Red8 {[%clk 0:18:16]} 25.
Red3 {[%clk 0:33:00]} Qd6 {[%clk 0:13:56]} 26. Qe3 {[%clk 0:31:00]} b5 {[%clk
0:12:57]} 27. R1d2 {[%clk 0:30:00]} a5 {[%clk 0:12:28]} 28. a3 {[%clk 0:28:00]}
Rd7 {[%clk 0:12:08]} 29. Rd1 {[%clk 0:27:00]} Rd8 {[%clk 0:12:32]} 30. R1d2
{[%clk 0:27:00]} Rd7 {[%clk 0:12:56]} 31. Rd1 {[%clk 0:27:00]} Rd8 {[%clk
0:12:56]} 1/2-1/2

[Event "Campeonato España Sub 18"]
[Site "Salobreña"]
[Date "2017.08.04"]
[Round "7"]
[White "Quispe Arteaga, Gabriel"]
[Black "Tarraga Navarro, Pablo"]
[Result "0-1"]
[Board "17"]
[WhiteClock "1:30"]
[WhiteTitle "FM"]
[WhiteElo "2231"]
[WhiteCountry "ESP"]
[WhiteFideId "32059809"]
[WhiteEloChange "-15"]
[BlackClock "1:30"]
[BlackElo "2054"]
[BlackCountry "ESP"]
[BlackFideId "32041691"]
[BlackEloChange "15"]

1. d4 {[%clk 1:30:00]} Nf6 {[%clk 1:30:00]} 2. Nf3 {[%clk 1:31:00]} e6 {[%clk
1:30:00]} 3. g3 {[%clk 1:31:00]} b6 {[%clk 1:26:00]} 4. Bg2 {[%clk 1:32:00]} Bb7
{[%clk 1:27:00]} 5. O-O {[%clk 1:32:00]} Be7 {[%clk 1:25:00]} 6. c4 {[%clk
1:28:00]} c5 {[%clk 1:24:00]} 7. d5 {[%clk 1:24:00]} exd5 {[%clk 1:16:00]} 8. Nh4
{[%clk 1:23:00]} d6 {[%clk 1:05:00]} 9. cxd5 {[%clk 1:23:00]} O-O {[%clk
1:01:00]} 10. Nc3 {[%clk 1:23:00]} g6 {[%clk 0:52:00]} 11. e4 {[%clk 1:16:00]}
Nh5 {[%clk 0:46:00]} 12. Nf5 {[%clk 1:11:00]} Bf6 {[%clk 0:42:00]} 13. Re1 {[%clk
0:45:00]} Bc8 {[%clk 0:30:00]} 14. Ne3 {[%clk 0:40:00]} a6 {[%clk 0:29:00]} 15.
a4 {[%clk 0:40:00]} Nd7 {[%clk 0:28:00]} 16. f4 {[%clk 0:40:00]} Bb7 {[%clk
0:22:00]} 17. Nc4 {[%clk 0:40:00]} Qc7 {[%clk 0:20:00]} 18. e5 {[%clk 0:39:00]}
dxe5 {[%clk 0:18:57]} 19. d6 {[%clk 0:39:00]} Qc8 {[%clk 0:19:22]} 20. fxe5
{[%clk 0:39:00]} Bxg2 {[%clk 0:19:26]} 21. Kxg2 {[%clk 0:40:00]} b5 {[%clk
0:18:27]} 22. exf6 {[%clk 0:39:00]} bxc4 {[%clk 0:17:14]} 23. Nd5 {[%clk
0:37:00]} Qb7 {[%clk 0:16:34]} 24. Qf3 {[%clk 0:37:00]} Kh8 {[%clk 0:14:22]} 25.
Bg5 {[%clk 0:30:00]} Rae8 {[%clk 0:11:20]} 26. g4 {[%clk 0:29:00]} Ne5 {[%clk
0:10:14]} 27. Qe4 {[%clk 0:23:00]} Qxb2+ {[%clk 0:08:25]} 28. Qe2 {[%clk
0:17:26]} Qb7 {[%clk 0:04:45]} 29. Rad1 {[%clk 0:15:33]} h6 {[%clk 0:03:18]} 30.
gxh5 {[%clk 0:11:34]} Nd3 {[%clk 0:03:25]} 31. Qf3 {[%clk 0:06:20]} Nxe1+ {[%clk
0:02:59]} 32. Rxe1 {[%clk 0:06:46]} Rxe1 {[%clk 0:03:23]} 33. Bxh6 {[%clk
0:07:14]} Qb2+ {[%clk 0:03:35]} 34. Kh3 {[%clk 0:06:21]} Rb8 {[%clk 0:01:06]} 35.
Bg7+ {[%clk 0:05:14]} Kh7 {[%clk 0:01:08]} 36. hxg6+ {[%clk 0:03:42]} fxg6 {[%clk
0:01:35]} 37. Qf4 {[%clk 0:02:13]} Rb3+ {[%clk 0:01:38]} 38. Kh4 {[%clk 0:02:17]}
g5+ {[%clk 0:01:38]} 39. Kxg5 {[%clk 0:02:17]} Qe5+ {[%clk 0:01:38]} 40. Qf5+
{[%clk 0:02:17]} Qxf5+ {[%clk 0:01:38]} 41. Kxf5 {[%clk 0:02:17]} Rf3+ {[%clk
0:01:38]} 42. Nf4 {[%clk 0:02:17]} Ref1 {[%clk 0:01:38]} 43. Ke6 {[%clk 0:02:17]}
Rxf4 {[%clk 0:01:38]} 44. d7 {[%clk 0:02:17]} Rd4 {[%clk 0:01:38]} 45. Kf7 {[%clk
0:02:17]} Rxd7+ {[%clk 0:01:38]} 0-1

[Event "Campeonato España Sub 18"]
[Site "Salobreña"]
[Date "2017.08.04"]
[Round "7"]
[White "Ortin Blanco, Inigo"]
[Black "Salagran Ferragut, Guillem"]
[Result "0-1"]
[Board "18"]
[WhiteClock "n/a"]
[WhiteElo "2090"]
[WhiteCountry "ESP"]
[WhiteFideId "32010125"]
[WhiteEloChange "-7"]
[BlackClock "n/a"]
[BlackElo "2201"]
[BlackCountry "ESP"]
[BlackFideId "2241897"]
[BlackEloChange "7"]

1. d4 {[%clk 1:30:30]} e6 {[%clk 1:30:30]} 2. c4 {[%clk 1:30:30]} f5 {[%clk
1:30:30]} 3. Nc3 {[%clk 1:30:30]} Nf6 {[%clk 1:30:30]} 4. Qc2 {[%clk 1:30:30]}
Bb4 {[%clk 1:30:30]} 5. e3 {[%clk 1:30:30]} b6 {[%clk 1:30:30]} 6. Bd3 {[%clk
1:30:30]} Bb7 {[%clk 1:30:30]} 7. f3 {[%clk 1:30:30]} Nh5 {[%clk 1:30:30]} 8. Nh3
{[%clk 1:30:30]} Qh4+ {[%clk 1:30:30]} 9. Nf2 {[%clk 1:30:30]} c5 {[%clk
1:30:30]} 10. O-O {[%clk 1:30:30]} Nc6 {[%clk 1:30:30]} 11. Nb5 {[%clk 1:30:30]}
O-O {[%clk 1:30:30]} 12. a3 {[%clk 1:30:30]} Ba5 {[%clk 1:30:30]} 13. Rb1 {[%clk
1:30:30]} Qe7 {[%clk 1:30:30]} 14. d5 {[%clk 1:30:30]} Ne5 {[%clk 1:30:30]} 15.
d6 {[%clk 1:30:30]} Nxf3+ {[%clk 1:30:30]} 16. gxf3 {[%clk 1:30:30]} Qg5+ {[%clk
1:30:30]} 17. Ng4 {[%clk 1:30:30]} fxg4 {[%clk 1:30:30]} 18. f4 {[%clk 1:30:30]}
Qh4 {[%clk 1:30:30]} 19. b4 {[%clk 1:30:30]} g3 {[%clk 1:30:30]} 20. e4 {[%clk
1:30:30]} Rf6 {[%clk 1:30:30]} 21. h3 {[%clk 1:30:30]} g2 {[%clk 1:30:30]} 22.
Rf2 {[%clk 1:30:30]} Rg6 {[%clk 1:30:30]} 23. Rxg2 {[%clk 1:30:30]} cxb4 {[%clk
1:30:30]} 24. Bd2 {[%clk 1:30:30]} Rxg2+ {[%clk 1:30:30]} 25. Kxg2 {[%clk
1:30:30]} Qg3+ {[%clk 1:30:30]} 26. Kh1 {[%clk 1:30:30]} Qxh3+ {[%clk 1:30:30]}
27. Kg1 {[%clk 1:30:30]} Qg3+ {[%clk 1:30:30]} 28. Kh1 {[%clk 1:30:30]} Qf2
{[%clk 1:30:30]} 29. Rg1 {[%clk 1:30:30]} b3 {[%clk 1:30:30]} 30. Qd1 {[%clk
1:30:30]} Qh4+ {[%clk 1:30:30]} 31. Kg2 {[%clk 1:30:30]} Qg3+ {[%clk 1:30:30]}
0-1

[Event "Campeonato España Sub 18"]
[Site "Salobreña"]
[Date "2017.08.04"]
[Round "7"]
[White "Esquivias Quintero, Luis Manuel"]
[Black "Gomez Sanjuan, Hector Fernando"]
[Result "1-0"]
[Board "19"]
[WhiteClock "1:30"]
[WhiteElo "2069"]
[WhiteCountry "ESP"]
[WhiteFideId "32018215"]
[WhiteEloChange "13"]
[BlackClock "1:30"]
[BlackElo "2189"]
[BlackCountry "ESP"]
[BlackFideId "22274960"]
[BlackEloChange "-13"]

1. e4 {[%clk 1:30:00]} c5 {[%clk 1:30:00]} 2. Nc3 {[%clk 1:29:00]} Nc6 {[%clk
1:31:00]} 3. Nf3 {[%clk 1:30:00]} g6 {[%clk 1:31:00]} 4. d4 {[%clk 1:30:00]} cxd4
{[%clk 1:31:00]} 5. Nxd4 {[%clk 1:30:00]} Bg7 {[%clk 1:32:00]} 6. Be3 {[%clk
1:31:00]} Nf6 {[%clk 1:32:00]} 7. Bc4 {[%clk 1:31:00]} O-O {[%clk 1:32:00]} 8.
Bb3 {[%clk 1:32:00]} d6 {[%clk 1:33:00]} 9. h3 {[%clk 1:32:00]} Bd7 {[%clk
1:32:00]} 10. O-O {[%clk 1:32:00]} a6 {[%clk 1:31:00]} 11. f4 {[%clk 1:26:00]}
Rc8 {[%clk 1:30:00]} 12. Nxc6 {[%clk 1:21:00]} Bxc6 {[%clk 1:29:00]} 13. Qd3
{[%clk 1:15:00]} b5 {[%clk 1:25:00]} 14. Nd5 {[%clk 1:10:00]} Bxd5 {[%clk
1:21:00]} 15. exd5 {[%clk 1:09:00]} Nd7 {[%clk 1:21:00]} 16. c3 {[%clk 1:08:00]}
Nc5 {[%clk 1:18:00]} 17. Qe2 {[%clk 1:08:00]} Qd7 {[%clk 1:14:00]} 18. Rad1
{[%clk 1:07:00]} a5 {[%clk 1:12:00]} 19. Bd4 {[%clk 1:05:00]} b4 {[%clk 1:10:00]}
20. Bxg7 {[%clk 1:02:00]} Kxg7 {[%clk 1:10:00]} 21. c4 {[%clk 0:59:00]} a4 {[%clk
1:09:00]} 22. Bc2 {[%clk 0:59:00]} b3 {[%clk 1:08:00]} 23. axb3 {[%clk 0:59:00]}
axb3 {[%clk 1:07:00]} 24. Bb1 {[%clk 0:58:00]} f6 {[%clk 1:04:00]} 25. Rf3 {[%clk
0:54:00]} Rc7 {[%clk 1:00:00]} 26. Rg3 {[%clk 0:47:00]} Ra7 {[%clk 0:57:00]} 27.
f5 {[%clk 0:43:00]} g5 {[%clk 0:56:00]} 28. h4 {[%clk 0:43:00]} h6 {[%clk
0:56:00]} 29. hxg5 {[%clk 0:43:00]} hxg5 {[%clk 0:50:00]} 30. Qh5 {[%clk
0:28:00]} Qe8 {[%clk 0:50:00]} 31. Rxg5+ {[%clk 0:27:00]} fxg5 {[%clk 0:49:00]}
32. Qxg5+ {[%clk 0:28:00]} Kh8 {[%clk 0:49:00]} 33. Qh6+ {[%clk 0:27:00]} Kg8
{[%clk 0:49:00]} 34. Rd4 {[%clk 0:27:00]} Rxf5 {[%clk 0:45:00]} 35. Rg4+ {[%clk
0:27:00]} 1-0